| 000 | 00353nam a2200133 4500 | ||
|---|---|---|---|
| 020 | _qPB. | ||
| 040 | _cFIZZA ISHAQ | ||
| 082 |
_a811.54 _bRIN |
||
| 100 |
_a Rinder , Walter. _9134064 |
||
| 245 |
_aThis time called life / _cWalter Rinder. |
||
| 260 |
_aNew York: _bCelestial Arts Pub, _c1971. |
||
| 300 |
_a160 P. ; _c8.5 x 5.5 inches |
||
| 942 |
_2ddc _cBK |
||
| 999 |
_c616993 _d616993 |
||